000 00677nam a2200205Ia 4500
005 20260121110310.0
008 008 260114s9999 xx 000 0 hin d
020 _a9788132356981
037 _aEBOOK
040 _aCRL
_bhin
_cCRL
041 _ahin
_2hin
084 _qCRL
100 _aकर्मवीर सिंह रावत / Karmavir Singh Rawat
_9944462
245 0 _aलोक संस्कृति एवं कला / Lok Sanskriti aur Kala
260 _bभाषा प्रकाशन / Bhasha Prakashan
_c2021
856 _uhttps://bhashaprakashan.com/product-details/378839
942 _cEBOOK
999 _c1536126
_d1536126